Kitüntetett jogszigorlók

Správa o obhájení doktorátu práv bratrancov Ondreja (Endre) a Kamila Toronszky z Humenného. Doktorát obhájili na univerzite v Cluji (RO) v decembri 1908

Podrobná bibliografia
Médium: Článok
Jazyk:Hungarian
Témy:
Zdroj: 1. Homonna és Vidéke : Vegyes tartalmu társadalmi, közművelődési, szépirodalmi és közgazdasági hetilap 1. Roč. 8, č. 52 (24.12.1908) s. 2
LEADER 01201nab#a2200349#ar4500
001 000068331
003 SVKKK
005 20100928110017.0
008 080512d1908 xo |||||||||||||||b|hun
FMT
038 |a SVKKK 
040 |a SVKKK  |b slo  |e AACR2 
041 0 |a hun 
044 |a xo  |c SK 
080 |a 34  |x 051 
242 1 0 |a Vyznamenaní doktoranti  |y slo 
245 1 0 |a Kitüntetett jogszigorlók 
500 |a mikrofilm 
520 2 |a Správa o obhájení doktorátu práv bratrancov Ondreja (Endre) a Kamila Toronszky z Humenného. Doktorát obhájili na univerzite v Cluji (RO) v decembri 1908 
650 0 4 |a Toronszky, Ondrej (absolvent práv) - Toronszky, Kamil (absolvent práv) - doktoráty obhájené - Cluj (RO) - december 1908 
655 4 |a hungariká 
773 0 |t Homonna és Vidéke : Vegyes tartalmu társadalmi, közművelődési, szépirodalmi és közgazdasági hetilap  |g Roč. 8, č. 52 (24.12.1908) s. 2 
957 |a Cluj (RO) 
957 |a Humenné 
958 |a DG 
958 |a HU 
974 |a Ba 
992 |a RBX 
997 |a Toronszky, Endre p. Toronszky, Ondrej  |d Homonna p. Humenné 
997 |a Toronszky, Kamil  |d Homonna p. Humenné 
BAS
998 |a RETRO